History of Continental Criminal Law (Record no. 1185973)

MARC details
000 -LEADER
fixed length control field 00675nam a2200253Ia 4500
003 - CONTROL NUMBER IDENTIFIER
control field OSt
005 - DATE AND TIME OF LATEST TRANSACTION
control field 20221007104630.0
008 - FIXED-LENGTH DATA ELEMENTS--GENERAL INFORMATION
fixed length control field 221006b |||||||| |||| 00| 0 eng d
037 ## - SOURCE OF ACQUISITION
Terms of availability Textual
040 ## - CATALOGING SOURCE
Original cataloging agency LCO
Transcribing agency LCO
Language of cataloging eng
041 ## - LANGUAGE CODE
Source of code eng
Language code of text/sound track or separate title eng
100 ## - MAIN ENTRY--PERSONAL NAME
Personal name Ludwig Carl
9 (RLIN) 695295
245 #0 - TITLE STATEMENT
Title History of Continental Criminal Law
260 ## - PUBLICATION, DISTRIBUTION, ETC.
Place of publication, distribution, etc. New
Name of publisher, distributor, etc. York Augustus M. Kelley U.S.A.
Date of publication, distribution, etc. 1968
300 ## - PHYSICAL DESCRIPTION
Extent 561
490 ## - SERIES STATEMENT
Volume/sequential designation Vol-66
650 ## - SUBJECT ADDED ENTRY--TOPICAL TERM
Topical term or geographic name entry element CONTINENTAL CRIMINAL LAW
9 (RLIN) 706161
942 ## - ADDED ENTRY ELEMENTS (KOHA)
Classification part Z73v,5, K8
Koha item type Textual
Holdings
Withdrawn status Lost status Damaged status Not for loan Home library Current library Date acquired Serial Enumeration / chronology Total Checkouts Full call number Barcode Date last seen Price effective from Koha item type
        Law Centre-I Library Law Centre-I Library 2022-10-07 Vol-6   Z73v,5 K8 LO515774 6 2022-10-07 2022-10-07 Textual
Copyright @ Delhi University Library System